| 000 | 00644npc a2200205Ia 4500 | ||
|---|---|---|---|
| 001 | dg83-37768 | ||
| 003 | IT-MiCISF | ||
| 008 | 161014s9999||||xx | und|| | ||
| 040 |
_aIT-MiCISF _cIT-MiCISF |
||
| 041 | _ait | ||
| 100 | _aPrada Giorgio (a cura di) | ||
| 245 | 0 |
_aLaboratorio famiglia _bQuattro anni di lavoro a favore dell'infanzia e dell'adolescenza nel lodigiano |
|
| 250 | _a1a ed. | ||
| 260 |
_aLodi _bProvincia di Lodi _c2002 |
||
| 300 | _app. 79 | ||
| 500 | _a / servizi-sociali, infanzia, adolescenza, territorio, politiche-sociali / | ||
| 650 | _aservizi-alla-persona | ||
| 942 | _cDD | ||
| 957 | _71 | ||
| 999 |
_a37768 _bsi _g1 _c207131 _d207131 |
||